[Event "Finistere-chB 0405"]
[Site "Finistere"]
[Date "2004.10.16"]
[Round "1"]
[White "Schmouchkovitch, Michel"]
[Black "Avrillon, Wilfrid"]
[Result "1-0"]
[WhiteElo "1699"]
[BlackElo "1420"]
[PlyCount "103"]
[EventDate "2004.10.16"]
[EventType "swiss"]
[EventRounds "7"]
[EventCountry "FRA"]
[SourceTitle "EXT 2007"]
[Source "ChessBase"]
[SourceDate "2006.11.23"]
[SourceVersion "1"]
[SourceVersionDate "2006.11.23"]
[SourceQuality "1"]

1. Nf3 Nf6 2. b3 Nc6 3. Bb2 g6 4. c4 Bg7 5. g3 0-0 6. Bg2 d6 7. d4 Bg4 8. Nbd2 d5 9. h3 Bf5 10. cxd5 Qxd5 11. Nh4 Ne4 12. Nxf5 gxf5 13. e3 e5 14. Nxe4 fxe4 15. dxe5 Qd3 16. Qxd3 exd3 17. Bxc6 bxc6 18. Rc1 Rfe8 19. Rxc6 Bxe5 20. Bxe5 Rxe5 21. Kd2 Ra5 22. a4 Rb8 23. Rc3 c5 24. Kxd3 Rb4 25. Rhc1 c4+ 26. bxc4 Raxa4 27. c5 Rb8 28. c6 Rd8+ 29. Ke2 Ra2+ 30. R3c2 Rxc2+ 31. Rxc2 Kf8 32. c7 Rc8 33. Rc5 Ke7 34. Rh5 Rxc7 35. Rxh7 a5 36. Rh4 Kd6 37. Ra4 Rc5 38. h4 Kc6 39. Kd3 Kb5 40. Ra1 Kb4 41. Rb1+ Ka3 42. g4 Ka2 43. Rb7 a4 44. h5 a3 45. h6 f5 46. h7 Rc8 47. g5 f4 48. exf4 Ka1 49. Ra7 a2 50. g6 Rh8 51. f5 Rd8+ 52. Ke4 1-0